000 00726nam a22001697a 4500
008 170309b xxu||||| |||| 00| 0 eng d
082 _22016
_aUT 0717
_bJ95
100 _919295
_aJumalin, Ian Augustos D.
245 _aPananaliksik Sa Aklat o internet ang mas Tinatangkilik ng mga Mag-aaral na Pumasok Sa Silid-aklatan ng Digos City National High School
_cIan Augustos D. Jumalin, Amie Joy D. Maca, Krizza Mae M. Salomeo and Ruel O. Cañas.
300 _a44 pages;
_b29 cm.
650 0 _919296
_aEducation
_vFilipino
_xUndergraduate Thesis.
700 _919297
_aJumalin, Ian Augustos D.
700 _919298
_aMaca, Amie Joy D.
700 _919299
_aSalomeo, Krizza Mae M.
700 _919300
_aCañas, Ruel O.
942 _2ddc
_cUT
999 _c6395
_d6395